Léxico del café en el cantón de San Ramón de Alajuela, Costa Rica

Gardado en:
Detalles Bibliográficos
Autor Principal: Barquero Quesada, Montserrat
Formato: Libro
Idioma:Spanish
Publicado: San José, Costa Rica Universidad de Costa Rica, Facultad de Letras, Escuela de Filología, Lingüística y Literatura 2019
Materias:
Etiquetas: Engadir etiqueta
Sen Etiquetas, Sexa o primeiro en etiquetar este rexistro!

MARC

LEADER 00000nam a2200000Ia 4500
008 170316s9999 xx 000 0 spa d
999 |c 30776  |d 30776 
040 |a cru BVZT 
090 |a TESIS 948 
100 |a Barquero Quesada, Montserrat 
245 |a Léxico del café en el cantón de San Ramón de Alajuela, Costa Rica  |c Montserrat Barquero Quesada 
260 |a San José, Costa Rica 
260 |b Universidad de Costa Rica, Facultad de Letras, Escuela de Filología, Lingüística y Literatura 
260 |c 2019 
300 |a 157 páginas 
650 |a TRABAJO FINAL DE GRADUACIÓN  |9 237 
650 |a CULTIVO DE CAFÉ 
650 |a LEXICOGRAFÍA   |9 191 
650 |a LÉXICO DEL CAFÉ EN EL CANTÓN DE SAN RAMÓN DE ALAJUELA - COSTA RICA 
942 |2 z  |c TFG